| 000 | 01483cam a2200277 i 4500 | ||
|---|---|---|---|
| 003 | SA-RiAUC | ||
| 005 | 20241012083011.0 | ||
| 008 | 241006s2015 su o g f000 0 ara c | ||
| 020 | _a9786039062691 | ||
| 040 |
_aSA-RiKAPL _bara _cSA-RiAUC _erda |
||
| 082 | 0 | 4 |
_a214.3 _qSA-RiAUC |
| 090 |
_a214.3 _bر س ا |
||
| 245 | 0 | 0 |
_aرسائل عربية إلى جيل الشباب / _cيكتبها مجموعة من أصحاب السمو والمعالي والفضيلة وكبار المسؤولين في المملكة العربية السعودية ؛ تقديم كريم من خادم الحرمين الشريفين الملك سلمان بن عبد العزيز آل سعود حفظه الله ورعاه. |
| 250 | _aالطبعة الأولى. | ||
| 264 | 1 |
_aالرياض : _bمركز الملك عبد الله بن عبد العزيز الدولي لخدمة اللغة العربية، _c2015 |
|
| 300 |
_a147 صفحة : _bصور ؛ _c24 × 17 سم |
||
| 336 |
_aنص _btxt _2rdacontent _3كتاب |
||
| 337 |
_aبدون وسيط _bn _2rdamedia |
||
| 338 |
_aمجلد _bnc _2rdacarrier |
||
| 500 | _aالتصميم والإخراج : دار وجوه للنشر والتوزيع. | ||
| 650 | 7 |
_aالإسلام والشباب _2aucsh |
|
| 650 | 7 |
_aالشباب _xرعاية _2aucsh |
|
| 700 | 1 |
_aآل سعود، سلمان بن عبد العزيز، _cملك السعودية، _d1354 هجري- _eمقدم. |
|
| 942 |
_2ddc _cBOOK _n0 |
||
| 949 |
_aSA-JeALM _d241006 _umohamedma123 _n1 |
||
| 999 |
_c1218 _d1218 |
||